| 000 | 00360pab a2200145 454500 | ||
|---|---|---|---|
| 008 | 180718b1986 xxu||||| |||| 00| 0 eng d | ||
| 100 | _aChakraborty, S.K. | ||
| 245 | _aThe Indian value system and indigenous management style | ||
| 260 | _c1986 | ||
| 300 | _a35-44 | ||
| 362 | _aMar. | ||
| 650 | _aManagement | ||
| 773 | _aIndian Management | ||
| 909 | _a12982 | ||
| 999 |
_c12982 _d12982 |
||